Every species within Falconiformes - Statistics

General Stats
  • This quiz has been taken 6 times
  • The average score is 9 of 59
Answer Stats
Answer % Correct
Peregrine Falcon
100%
Amur Falcon
50%
Common Kestrel
50%
Crested Caracara
50%
Gyrfalcon
50%
Merlin
50%
African Hobby
25%
African Pygmy Falcon
25%
American Kestrel
25%
Aplomado Falcon
25%
Australian Hobby
25%
Bat Falcon
25%
Brown Falcon
25%
Chimango
25%
Eleonora's Falcon
25%
Eurasian Hobby
25%
Fox Kestrel
25%
Grey Falcon
25%
Laggar Falcon
25%
Lanner Falcon
25%
Lesser Kestrel
25%
Mauritius Kestrel
25%
Prairie Falcon
25%
Red-Footed Falcon
25%
Saker Falcon
25%
Seychelles Kestrel
25%
Sooty Falcon
25%
Yellow Headed Caracara
25%
Banded Kestrel
0%
Barred-Forest Falcon
0%
Black Caracara
0%
Black Falcon
0%
Black-Thighed Falconet
0%
Buckley's Forest Falcon
0%
Carunculated Caracara
0%
Collared Falconet
0%
Cryptic Forest Falcon
0%
Dickinson's Kestrel
0%
Greater Kestrel
0%
Grey Kestrel
0%
Laughing Falcon
0%
Linded-Forest Falcon
0%
Mountain Caracara
0%
New Zealand Falcon
0%
Orange-Breasted Falcon
0%
Oriental Hobby
0%
Philippine Falconet
0%
Pied Falconet
0%
Plumbeous Forest Falcon
0%
Red Necked Falcon
0%
Red Throated Caracara
0%
Slaty-Backed Forest Falcon
0%
Spotted Kestrel
0%
Spot-Winged Falconet
0%
Striated Caracara
0%
Taita Falcon
0%
White-Fronted Falconet
0%
White-Rumped Falcon
0%
White-Throated Caracara
0%
No matching quizzes found
Score Distribution
Percent of People with Each Score
Percentile by Number Answered
Your Score History
You have not taken this quiz